00693nam a2200181 a 450000100100000000500170001000800410002702000150006804000250008308200130010824500700012126000570019130000350024850400290028371000710031295201110038399900170049400003868820201002031333.0130418s1995 nyuabc 000 0 spa d a0198280440 aDO-SdBNPbspacBNPHU axxxbxxx00aThe state of the world's refugees 1995 :bin search of solutions. aLondon ; New York :bOxford University press,c1995. a264 P. :bill., maps ;c26 cm. aBibliography: p. 259-26212aOffice of the United Nations High Commissioner for Refugees965004 001050718MOaGRbGRcHDd2013-04-18iLF1l0oxxx xxxp38688-10r2020-06-25w2020-06-25y1ZNo se presta c38178d38178